000 00957nam a2200445Ia 4500
001 5601
003 11295
005 20250226085320.0
008 ||||||n9999 ||| || ||
041 _aspa
082 _220
_a340
100 _aGomez Duque, Luis Fernando
_99782
245 0 _aLa interpretacion del derecho en Colombia
260 _aBogotá :
_bEdiciones Critica Juridica,
_c1970.
300 _a269p
562 _e1
650 _aDERECHOS
_9705
650 0 _aInterpretación del derecho
_99783
942 _cBKM
999 _c5601
_d5601
526 _a17598
526 _a102617
526 _a102618
526 _a15794
526 _a102619
526 _a102620
526 _a10406
526 _a105630
526 _a1698
526 _a116204
526 _a4969
526 _a19790
526 _a104436
526 _a5144
526 _a51868
526 _a3899
526 _a9683
526 _a
526 _a1703
526 _a1697